000 01272cad a22002295a 4500
001 L137645
008 110623s2007 xxkd f s 000 0 eng d
035 _a(Sirsi) u137645
041 0 _aeng
050 0 4 _a306.8 $2 18
110 2 _aJoseph Rowntree Foundation
_92318
245 0 0 _aMigration and socioeconomic change: a 2001 census analysis of Britain's larger cities
260 _aYork
_bJRF
_c2007
490 0 _aJRF Findings
_v(2051) April 2007
520 _aSummarises findings of a study by Newcastle University into population movements within British cities. It examines population movements within the 27 largest cities during the year prior to the 2001 census. Greater detail is examined within three city areas. A lower rate of loss is noted than in the latter part of the 20th century. However many of these cities are continuing to lose people. Outside of London most cities were unsuccessful in attracting the key professional and managerial groups.
590 _aKA
650 2 4 _aCENSUS 2001
651 4 _aUnited Kingdom
_y
690 _aPROPERTY-RESIDENTIAL PROPERTY-RESIDENTIAL PROPERTY MARKET
856 4 0 _uhttps://www.jrf.org.uk/sites/files/jrf/2030-population-census-deprivation.pdf
_zView the item free of charge at www.jrf.org.uk
942 _n0
999 _c106862
_d106862